| 000 | 00903nam a2200277 i 4500 | ||
|---|---|---|---|
| 001 | 15044 | ||
| 003 | ES-MaACL | ||
| 005 | 20250919135029.0 | ||
| 007 | t| | ||
| 008 | 991202s1999 sp ||||1| spa d | ||
| 020 | _a84-239-9743-X | ||
| 080 | _a929 Macanaz, Melchor Rafael de | ||
| 080 | _a946.0"1700/1746" | ||
| 100 | 1 |
_aMartín Gaite, Carmen, _d1925-2000 _977496 |
|
| 245 | 1 | 3 |
_aEl proceso de Macanaz _b: historia de un empapelamiento / _cCarmen Martín Gaite. |
| 260 |
_aMadrid : _bEspasa-Calpe, _c[1999] |
||
| 300 |
_a456 p., [32] h. de lám. ; _c23 cm. |
||
| 490 | 1 | _aEspasa fórum | |
| 500 | _aIndice. | ||
| 504 | _aBibliografía : p. 445-448. | ||
| 600 | 1 | 7 |
_aMacanaz, Melchor de, _d1670-1760 _2 _9129279 |
| 651 | 4 |
_aEspaña- _xHistoria- _y1700-1746, Felipe V. _98237 |
|
| 830 | 0 |
_aEspasa fórum _9179708 |
|
| 852 |
_aES-MaACL _jL-22161 _bR.127498 |
||
| 999 |
_c15044 _d15044 |
||